| 000 | 00790nam a22002777a 4500 | ||
|---|---|---|---|
| 001 | BR9405281 | ||
| 003 | BR-BrBNA | ||
| 005 | 20230928094304.0 | ||
| 007 | ta | ||
| 008 | 230509b bl.||||| |||| 00| 0 por d | ||
| 040 |
_aBR-BrBNA _bpor _cBiblioteca Nacional de Agricultura |
||
| 041 | _a(Por) | ||
| 072 | _aE14 | ||
| 090 | _ E14 BR9405281 | ||
| 110 | 1 |
_aComissao Estadual de Planejamento Agricola, Rio Branco, AC (Brasil) _92059 |
|
| 245 | 1 | _aProposta de acao conjunta Ministerio da Agricultura/Estado do Acre | |
| 260 | 3 |
_aRio Branco, AC (Brasil): _c1984. |
|
| 300 | _a40 p. | ||
| 500 | _a16 tables | ||
| 650 | _aProjeto Agricola | ||
| 650 | _aPlanejamento | ||
| 650 | _aProjeto de Desenvolvimento | ||
| 650 | _aAcre | ||
| 909 |
_a202309 _bLucia _c55 _dLucia Elande |
||
| 942 | _cBK | ||
| 999 |
_c49871 _d49871 |
||